000 00746cab a2200181 4500
001 ##L133934
008 060622n2006 000 0 eng u
035 _a(Sirsi) u133934
041 0 _aeng
100 1 _aPickard, Martin
245 0 0 _aEfficiency effort
260 _c2006
490 0 _aPremises and Facilities Management
_vJune 2006, 13-14(2)
520 _aThis third article in the F word series tackles the challenge of increasing efficiency. Discusses implementing lean management methods to eliminate waste, exploiting the skills employees have developed in other jobs, and improving workspace design and energy use. (See also L133291 and L133619).
590 _aIKA040706
690 _aMANAGEMENT-FACILITIES MANAGEMENT
942 _n0
999 _c77267
_d77267